| 000 | 00841nam a22002417a 4500 | ||
|---|---|---|---|
| 003 | OSt | ||
| 005 | 20251030065506.0 | ||
| 008 | 251030b |||||||| |||| 00| 0 eng d | ||
| 020 | _a1-58826-284-7. | ||
| 040 |
_aDWCL-Main lib _cOC |
||
| 082 | _aCirc. 966.033 W516 2004 | ||
| 100 | _aAdebajo, Adekeye | ||
| 245 |
_aWest Africa's security challenges : _bbuilding peace in a troubled region _cAdebajo, Adekeye |
||
| 260 |
_aColo. : _bLynne reinner Pub., Inc., _cc2004. |
||
| 300 |
_axvi, 449 pages ; _c23 cm. |
||
| 504 | _aIncludes bibliographical references and index. | ||
| 650 | _21. National security-West Africa. | ||
| 650 | _22. West Africa-Economic conditions. | ||
| 650 | _23. West Africa-Military policy. | ||
| 650 | _24. West Africa-Politics and government-1960-. | ||
| 700 | _aRashid, Ismael | ||
| 942 |
_2ddc _cBK-CIRC _kCirc. _n0 |
||
| 999 |
_c5349 _d5349 |
||